Manual de contabilidad agropecuaria /
Guardado en:
| Autor Principal: | |
|---|---|
| Formato: | Libro |
| Publicado: |
Buenos Aires :
Contabilidad Moderna,
1988
|
| Materias: | |
| Etiquetas: |
Agregar Etiqueta
Sin Etiquetas, Sea el primero en etiquetar este registro!
|
| LEADER | 00653nam a22002055a 4500 | ||
|---|---|---|---|
| 001 | CEM.cems016853 | ||
| 005 | 20100305142521.0 | ||
| 008 | 130507s1988##################000#0#####d | ||
| 003 | CEMS | ||
| 082 | 0 | 4 | |a 657.5 |
| 100 | 1 | |a Lema, Andrés Emilio | |
| 245 | 1 | 0 | |a Manual de contabilidad agropecuaria / |c Andrés Emilio Lema, |
| 260 | |a Buenos Aires : |b Contabilidad Moderna, |c 1988 | ||
| 300 | |a 447 p. 364 | ||
| 653 | |a Ganadería-explotacion | ||
| 653 | |a Agricultura-explotacción | ||
| 653 | |a Contabilidad agropecuaria | ||
| 653 | |a Contabilidad agrícola | ||
| 653 | |a Contabilidad | ||
| 859 | |a CEMS |b BIB. CEMS - Agricultura |h 657.5 |i L54-1 |p A18193.95 |t Ej.1 |v 1 |3 Vol. 1 | ||
